| 000 | 03371nam a22005177a 4500 | ||
|---|---|---|---|
| 003 | BO-EaUP | ||
| 005 | 20260505141946.0 | ||
| 008 | 260505b2024 ck ad|||ri||| 00| 0 spa d | ||
| 020 | _a978-958-503-785-4 | ||
| 040 |
_aBO-EaUP _cBiblioadmiempresas _eRDA _bspa |
||
| 041 |
_aspa _hspa |
||
| 043 | _as-ck | ||
| 082 |
_221 _a658.5 |
||
| 092 |
_a658.5 _SS5874L |
||
| 100 |
_aSilvera Escudero, Rodolfo Enrique _eAutor _955 |
||
| 245 | 1 | 0 |
_aLogística XY plus. Gestión y Sostenibilidad de la Cadena de Suministro / _cRodolfo Silvera E. |
| 250 | _aPrimera edición | ||
| 260 |
_aBogotá : _bEcoe Edicones, _c2024 |
||
| 300 |
_axxiv, 194 páginas ; _bIlustraciones, cuadros, gráficos ; Tapa blanda ; _c17 x 24 centímetros.-- (Economía, finanzas, empresa y gestión de la distribución y la logística) ; _fRústico |
||
| 336 |
_2rdacontenido _atexto _btxt |
||
| 337 |
_2rdamedia _ano mediado _bn |
||
| 338 |
_avolumen _bnc _2rdacarrier |
||
| 505 | 2 | _aCAPÍTULOS 1. Planeación del servicio al cliente en la cadena de suministros.- | |
| 505 | 2 | _aCAPÍTULOS 2. Ubicación estratégico de los centros de distribución.- | |
| 505 | 2 | _aCAPÍTULOS 3. Desarrollo sostenible de la empresas en general.- | |
| 505 | 2 | _aCAPÍTULOS 4. Logística verde y las estrategias de generación de valor.- | |
| 505 | 2 | _aCAPÍTULOS 5. Economía circular y su aplicación en la logística.- | |
| 505 | 2 | _aCAPÍTULOS 6. La importancia de la logística colaborativa en las zonas urbanas.- | |
| 505 | 2 | _aCAPÍTULOS 7. Plataformas tecnológicas en zonas urbanas.- | |
| 505 | 2 | _aCAPÍTULOS 8. Medios de transporte terrestre en la distribución de las cargas en la logística urbana.- | |
| 505 | 2 | _aCAPÍTULOS 9. Estrategias de distribución y planificación.- | |
| 505 | 2 | _aCAPÍTULOS 10. Indicadores de gestión en la logística urbana.- | |
| 505 | 2 | _aCAPÍTULOS 11. Sistema de gestión de almacenamiento de mercancías.- | |
| 505 | 2 | _aCAPÍTULOS 12. Estudios de casos de la gestión de inventarios en CEDI.- | |
| 505 | 2 | _aCAPÍTULOS 13. Ejercicios generales de gestión de inventarios.-- | |
| 520 | _aEl libro Logística XY plus es una obra que describe en forma sistemática la sostenibilidad y la colaboración que debe existir en la cadena de suministro. Se analizan situaciones de la economía aplicada a la gestión logística, haciendo énfasis en la logística circular como pilar fundamental de la sostenibilidad de los procesos administrativos de cualquier ente económico que tenga como prioridad el servicio al cliente como herramienta en la generación de valor. | ||
| 521 | _aDirigido a estudiantes de Administración de Empresas, Administración Logística, Ingeniería Industrial, Economía, Administración de Negocios Internacionales. De igual forma, a estudiantes tecnólogos en Gestión Logística, coordinadores de procesos logísticos, distribución física, comercio internacional, Especialización Tecnológica en Gestión Económica de la Logística Internacional y Especialización en Logística Internacional. | ||
| 650 |
_aLOGÍSTICA EMPRESARIAL _91651 |
||
| 650 |
_aOPERACIONES Y PROYECTOS _95926 |
||
| 650 |
_aADMINISTRACIÓN DE PRODUCTOS _96220 |
||
| 653 | _aDISTRIBUCIÓN FÍSICA DE MERCANCÍAS | ||
| 653 | _aDESARROLLO SOSTENIBLE | ||
| 653 | _aCONTROL DE INVENTARIOS | ||
| 653 | _aSERVICIO AL CLIENTE | ||
| 942 |
_2ddc _cBK _n0 _e21 |
||
| 999 |
_c5516 _d5516 |
||